LEADER 01047nam0-2200289 --450 001 9910281056903321 005 20180802085128.0 010 $a978-88-548-9881-3 100 $a20180802d2016----kmuy0itay5050 ba 101 0 $aita$aspa 102 $aIT 105 $a 001yy 200 1 $a<>influenza del diritto europeo sugli ordinamenti nazionali$eItalia, Portogallo e Spagna a confronto$fa cura di Angelo Viglianisi Ferraro$gcontributi di Ángel Aday Jiménez Alemán ... [et al.] 210 $aCanterano$cAracne$d2016 215 $a319 p.$d23 cm 225 1 $aA12 610 0 $aDiritto interno$aInflussi [del] Diritto comunitario$aItalia [e] Portogallo [e] Spagna 676 $a349.24$v23$zita 702 1$aViglianisi Ferraro,$bAngelo$f<1978-> 702 1$aJiménez Alemán,$bÁngel Aday 801 0$aIT$bUNINA$gREICAT$2UNIMARC 901 $aBK 912 $a9910281056903321 952 $aI B 598$b823/2018$fFSPBC 959 $aFSPBC 996 $aInfluenza del diritto europeo sugli ordinamenti nazionali$91507254 997 $aUNINA LEADER 01906oam 2200601I 450 001 9910450714703321 005 20200520144314.0 010 $a1-280-05119-1 010 $a1-134-47723-6 010 $a0-415-27526-1 010 $a0-203-64231-7 010 $a9780203642317 024 7 $a10.4324/9780203642313 035 $a(CKB)1000000000448261 035 $a(SSID)ssj0000298767 035 $a(PQKBManifestationID)11233539 035 $a(PQKBTitleCode)TC0000298767 035 $a(PQKBWorkID)10364133 035 $a(PQKB)10655986 035 $a(MiAaPQ)EBC200117 035 $a(Au-PeEL)EBL200117 035 $a(CaPaEBR)ebr10098748 035 $a(CaONFJC)MIL5119 035 $a(OCoLC)437060152 035 $a(OCoLC)56559642 035 $a(EXLCZ)991000000000448261 100 $a20180331d2004 uy 0 101 0 $aeng 135 $aurcn||||||||| 181 $ctxt 182 $cc 183 $acr 200 00$aHitchcock $epast and future /$fedited by Richard William Allen and Sam Ishii-Gonzales 210 1$aLondon ;$aNew York :$cRoutledge,$d2004. 215 $axix, 284 p. $cill 300 $aBibliographic Level Mode of Issuance: Monograph 311 $a0-415-27525-3 311 $a0-203-68924-0 320 $aIncludes bibliographical references and index. 320 $aIncludes filmography : p. xiv-xix. 327 $aAuthorship and aesthetics -- French Hitchcock -- Poetics and politics of identity -- Death and transfiguration. 606 $aMotion picture producers and directors$vBiography 608 $aElectronic books. 615 0$aMotion picture producers and directors 676 $a791.4302/33/092 701 $aAllen$b Richard$f1959-$0858028 701 $aIshii-Gonzales$b S$0858029 801 0$bFlBoTFG 801 1$bFlBoTFG 906 $aBOOK 912 $a9910450714703321 996 $aHitchcock$91915650 997 $aUNINA